| 000 | 00589nam a2200157 4500 | ||
|---|---|---|---|
| 008 | 150907b xxu||||| |||| 00| 0 eng d | ||
| 020 | _a0070609527 | ||
| 050 | _aHF 5415 .S745 1991 | ||
| 100 |
_aStanton, William J. _d1991 |
||
| 245 |
_aFundamentals of marketing/ _cWilliam J Stanton, Michael J Etzel and Bruce J Walker |
||
| 250 | _a9th ed. | ||
| 260 |
_aNew York : _bMcGraw-Hill, _c©1991. |
||
| 300 |
_axxxiii, 668 pages : color illustrations ; 26 cm. _bIncludes bibliographical references and index |
||
| 650 | _aMarketing | ||
| 942 |
_2lcc _cBOOKS _hHF 5415 .S745 1991 _01 |
||
| 999 |
_c4957 _d4957 |
||